Statistics for Regions of Countries #2

Click here to take the quiz!

General Stats

  • This quiz has been taken 50,791 times
    (39,946 since last reset)
  • The average score is 17 of 21

Answer Stats

RegionCountry% Correct
TexasUnited States
100%
YorkshireUnited Kingdom
96%
NormandyFrance
95%
SiberiaRussia
95%
British ColumbiaCanada
94%
Inner MongoliaChina
94%
CreteGreece
93%
CataloniaSpain
92%
New South WalesAustralia
92%
TransylvaniaRomania
90%
SardiniaItaly
90%
FlandersBelgium
85%
SaxonyGermany
78%
Western CapeSouth Africa
78%
County CorkIreland
77%
Uttar PradeshIndia
73%
KantōJapan
66%
DalmatiaCroatia
56%
JaliscoMexico
55%
Upper SilesiaPoland
46%
Mato GrossoBrazil
46%

Score Distribution

Percentile by Number Answered

Percent of People with Each Score

Your Score History

You have not taken this quiz since the last reset